00805nam a2200241Ia 450000100060000000300090000600800410001504000130005604000130006904100120008210000160009410000290011024500250013924500250016425000110018926000110020026000160021126000490022730000410027650001900031765000250050765000310053234862IT-RoPAU130308s9999 xx 000 0 und d aIT-RoPAU cIT-RoPAU aINGLESE aHood Stuart gCodice Aut. SPICS: 5419 aOn Television (S.H.) bOn television (S.H.) a2a ed. aLONDON bPluto Press c1983 [1° Ed.:1980 - Ed.Ling.Originale:1980] a"142 p. (prefazione: 8; testo: 134)" aSchermo Televisivo Ascolto produttori di programmi Controllori Servizio Pubblico e Televisione commerciale Quarto canale Marketing nuove tecnologie in Difesa della Trasmittente Pubblica aINDUSTRIA TELEVISIVA eCodice materia Spics: 6956